Cities in Scandinavia - Statistics

General Stats
  • This quiz has been taken 33 times
  • The average score is 18 of 31
Answer Stats
Country City % Correct
Norway Oslo
94%
Denmark Copenhagen
91%
Finland Helsinki
91%
Sweden Stockholm
91%
Norway Bergen
88%
Sweden Malmo
88%
Denmark Aarhus
81%
Denmark Aalborg
78%
Norway Stavanger
78%
Finland Tampere
75%
Sweden Gothenburg
72%
Denmark Odense
72%
Finland Turku
72%
Iceland Reykjavik
69%
Norway Trondheim
69%
Finland Oulu
66%
Sweden Uppsala
63%
Sweden Linkoping
56%
Denmark Esbjerg
53%
Sweden Orebro
53%
Sweden Jonkoping
50%
Sweden Umea
50%
Sweden Vasteras
47%
Denmark Drammen
38%
Sweden Lund
34%
Sweden Norrkoping
34%
Finland Jyvaskyla
28%
Finland Kuopio
25%
Norway Porsgrunn/ Skien
9%
Norway Fredirikstad/ Sarpsborg
0%
Sweden Helsingsborg
0%
No matching quizzes found
Score Distribution
Percent of People with Each Score
Percentile by Number Answered
Your Score History
You have not taken this quiz